<?xml version="1.0" encoding="UTF-8"?><?xml-stylesheet type="text/xsl" href="static/style.xsl"?><OAI-PMH xmlns="http://www.openarchives.org/OAI/2.0/" xmlns:xsi="http://www.w3.org/2001/XMLSchema-instance" xsi:schemaLocation="http://www.openarchives.org/OAI/2.0/ http://www.openarchives.org/OAI/2.0/OAI-PMH.xsd"><responseDate>2026-04-13T03:59:52Z</responseDate><request verb="GetRecord" identifier="oai:www.recercat.cat:2445/130991" metadataPrefix="marc">https://recercat.cat/oai/request</request><GetRecord><record><header><identifier>oai:recercat.cat:2445/130991</identifier><datestamp>2025-12-04T20:39:03Z</datestamp><setSpec>com_2072_1057</setSpec><setSpec>col_2072_478800</setSpec><setSpec>col_2072_478858</setSpec><setSpec>col_2072_478917</setSpec></header><metadata><record xmlns="http://www.loc.gov/MARC21/slim" xmlns:dcterms="http://purl.org/dc/terms/" xmlns:xsi="http://www.w3.org/2001/XMLSchema-instance" xmlns:doc="http://www.lyncode.com/xoai" xsi:schemaLocation="http://www.loc.gov/MARC21/slim http://www.loc.gov/standards/marcxml/schema/MARC21slim.xsd">
   <leader>00925njm 22002777a 4500</leader>
   <datafield ind2=" " ind1=" " tag="042">
      <subfield code="a">dc</subfield>
   </datafield>
   <datafield ind2=" " ind1=" " tag="720">
      <subfield code="a">Navarro Ponz, Alfons</subfield>
      <subfield code="e">author</subfield>
   </datafield>
   <datafield ind2=" " ind1=" " tag="720">
      <subfield code="a">Moisés, Jorge</subfield>
      <subfield code="e">author</subfield>
   </datafield>
   <datafield ind2=" " ind1=" " tag="720">
      <subfield code="a">Santasusagna, Sandra</subfield>
      <subfield code="e">author</subfield>
   </datafield>
   <datafield ind2=" " ind1=" " tag="720">
      <subfield code="a">Marrades Sicart, Ramon Ma.</subfield>
      <subfield code="e">author</subfield>
   </datafield>
   <datafield ind2=" " ind1=" " tag="720">
      <subfield code="a">Viñolas Segarra, Núria</subfield>
      <subfield code="e">author</subfield>
   </datafield>
   <datafield ind2=" " ind1=" " tag="720">
      <subfield code="a">Castellano, Joan Josep</subfield>
      <subfield code="e">author</subfield>
   </datafield>
   <datafield ind2=" " ind1=" " tag="720">
      <subfield code="a">Canals, Jordi</subfield>
      <subfield code="e">author</subfield>
   </datafield>
   <datafield ind2=" " ind1=" " tag="720">
      <subfield code="a">Muñoz García, Carmen</subfield>
      <subfield code="e">author</subfield>
   </datafield>
   <datafield ind2=" " ind1=" " tag="720">
      <subfield code="a">Ramirez, José</subfield>
      <subfield code="e">author</subfield>
   </datafield>
   <datafield ind2=" " ind1=" " tag="720">
      <subfield code="a">Molins López-Rodó, Laureano</subfield>
      <subfield code="e">author</subfield>
   </datafield>
   <datafield ind2=" " ind1=" " tag="720">
      <subfield code="a">Monzó Planella, Mariano</subfield>
      <subfield code="e">author</subfield>
   </datafield>
   <datafield ind2=" " ind1=" " tag="260">
      <subfield code="c">2019-03-27T18:41:54Z</subfield>
   </datafield>
   <datafield ind2=" " ind1=" " tag="260">
      <subfield code="c">2019-03-27T18:41:54Z</subfield>
   </datafield>
   <datafield ind2=" " ind1=" " tag="260">
      <subfield code="c">2019-02-28</subfield>
   </datafield>
   <datafield ind2=" " ind1=" " tag="260">
      <subfield code="c">2019-03-27T18:41:54Z</subfield>
   </datafield>
   <datafield ind2=" " ind1=" " tag="520">
      <subfield code="a">Background HOTTIP, a long non-coding RNA located in the HOXA cluster, plays a role in the patterning of tissues with mesodermal components, including the lung. Overexpression of HOXA genes, including HOTTIP, has been associated with a more aggressive phenotype in several cancers. However, the prognostic impact of HOTTIP has not yet been explored in non-small-cell lung cancer (NSCLC). We have correlated HOTTIP expression with time to relapse (TTR) and overall survival (OS) in early-stage NSCLC patients. Methods Ninety-nine early-stage NSCLC patients who underwent surgical resection in our center from June 2007 to November 2013 were included in the study. Mean age was 66; 77.8% were males; 73.7% had stage I disease; and 55.5% had adenocarcinoma. A validation data set comprised stage I-II patients from The Cancer Genome Atlas (TCGA) Research Network. Results HOTTIP was expressed in all tumor samples and was overexpressed in squamous cell carcinoma (p = 0.007) and in smokers (p = 0.018). Patients with high levels of HOTTIP had shorter TTR (78.3 vs 58 months; p = 0.048) and shorter OS (81.2 vs 61 months; p = 0.023) than those with low levels. In the multivariate analysis, HOTTIP emerged as an independent prognostic marker for TTR (OR: 2.05, 95%CI: 1-4.2; p = 0.05), and for OS (OR: 2.31, 95%CI: 1.04-5.1; p = 0.04). HOTTIP was validated as a prognostic marker for OS in the TCGA adenocarcinoma cohort (p = 0.025). Moreover, we identified a 1203-mRNA and a 61-miRNA signature that correlated with HOTTIP expression. Conclusions The lncRNA HOTTIP can be considered a prognostic biomarker in early-stage NSCLC.</subfield>
   </datafield>
   <datafield tag="653" ind2=" " ind1=" ">
      <subfield code="a">Càncer de pulmó</subfield>
   </datafield>
   <datafield tag="653" ind2=" " ind1=" ">
      <subfield code="a">RNA</subfield>
   </datafield>
   <datafield tag="653" ind2=" " ind1=" ">
      <subfield code="a">Lung cancer</subfield>
   </datafield>
   <datafield tag="653" ind2=" " ind1=" ">
      <subfield code="a">RNA</subfield>
   </datafield>
   <datafield ind2="0" ind1="0" tag="245">
      <subfield code="a">Clinical significance of long non-coding RNA HOTTIP in early-stage non-small-cell lung cancer</subfield>
   </datafield>
</record></metadata></record></GetRecord></OAI-PMH>